Project management in construction (Record no. 68057)

MARC details
000 -LEADER
fixed length control field 00945cam a2200217 4500
001 - CONTROL NUMBER
control field ABS64436
008 - FIXED-LENGTH DATA ELEMENTS--GENERAL INFORMATION
fixed length control field 010822n2001 000 0 eng u
035 ## - SYSTEM CONTROL NUMBER
System control number (Sirsi) u114257
100 ## - MAIN ENTRY--PERSONAL NAME
Personal name Watson, P.
245 ## - TITLE STATEMENT
Title Project management in construction
260 ## - PUBLICATION, DISTRIBUTION, ETC.
Date of publication, distribution, etc. 2001
490 ## - SERIES STATEMENT
Series statement Building Engineer
Volume/sequential designation 76(8) August 2001, 19-23(5)
520 ## - SUMMARY, ETC.
Summary, etc. Investigates the application of project management in the UK construction industry and examines the role of the project manager, looking at current and future changes in market conditions and how they affect a project manager's work. Information is taken from research looking at construction personnel's perception of project managers and the role they play in the construction process.
590 ## - LOCAL NOTE (RLIN)
Local note ABS
650 ## - SUBJECT ADDED ENTRY--TOPICAL TERM
Topical term or geographic name entry element PROJECT MANAGERS
650 ## - SUBJECT ADDED ENTRY--TOPICAL TERM
Topical term or geographic name entry element CONSTRUCTION INDUSTRY
650 ## - SUBJECT ADDED ENTRY--TOPICAL TERM
Topical term or geographic name entry element LATHAM REFORMS
650 ## - SUBJECT ADDED ENTRY--TOPICAL TERM
Topical term or geographic name entry element CONSTRUCTION PROCESS
690 ## - LOCAL SUBJECT ADDED ENTRY--TOPICAL TERM (OCLC, RLIN)
Topical term or geographic name as entry element Project management
9 (RLIN) 6261
942 ## - ADDED ENTRY ELEMENTS (KOHA)
Suppress in OPAC 0
Holdings
Withdrawn status Lost status Source of classification or shelving scheme Damaged status Not for loan Home library Current library Shelving location Date acquired Total Checkouts Full call number Barcode Date last seen Copy number Price effective from Koha item type
    Dewey Decimal Classification     London London Journal article 22/08/2001   ABS64436 114257-1001 06/08/2019 1 06/08/2019 Journal article